Fisonomía sociopsicologica del proletariado agrícola de América Latina /

Uloženo v:
Podrobná bibliografie
Hlavní autor: Galkina, Antonina
Médium: Text
Tagy: Přidat tag
Žádné tagy, Buďte první, kdo vytvoří štítek k tomuto záznamu!

MARC

LEADER 00000 a a2200000 04500
001 646
003
040
100 |a Galkina, Antonina  
245 |a Fisonomía sociopsicologica del proletariado agrícola de América Latina /  |c Antonina Galkina 
773 |g número 4; páginas 25-33  
999 |c 27266  |d 27266